Sociologický slovník

Enregistré dans:
Détails bibliographiques
Auteur principal: Jandourek, Jan
Format: Livre
Langue:tchèque
Publié: Praha Portál 2001
Sujets:
Tags: Ajouter un tag
Pas de tags, Soyez le premier à ajouter un tag!

MARC

LEADER 00000nam a2200000 4500
001 c131481
005 20221124103840.9
020 |a 80-7178-535-0 
041 0 |a cze 
044 |a CZ 
245 1 0 |a Sociologický slovník  |c Jan Jandourek 
264 1 |a Praha  |b Portál  |c 2001 
300 |a 285 s. 
610 2 0 |a sociológia 
100 1 |a Jandourek, Jan